000 01008nam a2200217Ia 4500
003 GCL
005 20240530095227.0
008 140319s9999 xx 000 0 ara d
040 _aGCL /
_cGCL
082 0 4 _a615.882
_bم ط
100 1 _aمحمد عبدالرحيم
245 1 0 _aالطب المجرب :
_b(المجلد الاول ) اعشاب ونباتات طبية بمتناول يديك ( المجلد الثانى ) الطب المجرب امراض الراس ( المجلد الثالث ) الطب المجرب الامراض الخارجية ( المجلد الرابع ) الطب المجرب الامراض الباطنية /
_cمحمد عبدالرحيم
250 _aالاولى
260 _aالكويت :
_bدار الرتب الجامعية ،
_c2001
300 _aمتعدد ؛
_c30 سم
650 0 4 _aالطب الشعبى
650 0 4 _aالنباتات الطبية
650 0 4 _aالاعشاب الطبية
650 0 4 _aالشعر - رعاية وعلاج
942 _2ddc
_cBK
999 _c5153
_d5153